| 000 | 00571nam a2200193 a 4500 | ||
|---|---|---|---|
| 005 | 20240924071226.0 | ||
| 008 | 080303s2005 ag r 000 0 spa d | ||
| 020 | _a9500829800 | ||
| 035 | _aUPN01000154660 | ||
| 049 | _aI | ||
| 050 | 4 |
_aPZ71.1 _bA4.7 |
|
| 245 | 0 | 0 |
_aAgustina toma la sopa / _ctextos Ofelia Castellanos ; il. Héctor Adrián Borlasca. |
| 260 |
_aBuenos Aires : _bAtlantida, _c2005. |
||
| 300 |
_a[7] p. : _bil. col. |
||
| 440 | 0 | _aAgustina | |
| 650 | 4 |
_aLiteratura infantil _94445 |
|
| 650 | 4 |
_aLibros y lectura para niños _92290 |
|
| 905 | _aInfantil | ||
| 999 |
_c126777 _d126777 |
||